000 00965nam0a22002531 4500
001 v19\rc\1658371
005 20250619005408.0
035 _a(NLR Aleph) 004768308
090 _a4616452
_c4616452
100 _a20061002d1890 |||y0rusy50 ca
101 0 _arus
102 _aRU
105 _ay z |||||
200 1 _aКраткое сообщение о прибытии хлеба в Рыбинск, о движении его оттуда вообще и в особенности по Мариинской системе в навигацию 1889 года
_f(А.А. Клопов)
210 _aТверь
_cтип. Губ. правл.
_dценз. 1890
215 _a16 с.
_d24
309 _aБез тит. л. и обл.
700 1 _aКлопов
_bА.А.
_f1841-
_gАнатолий Алексеевич
801 0 _aRU
_bNLR
_gpsbo
801 0 _aRU
_bRuMoRGB
_2psbo
801 1 _aRU
_bProSoft-M
_2rusmarc
852 _aNLR
_j18.292.3.253
942 _cBOOK
980 _aNB